000 01252nam a2200337 i 4500
001 000048960
003 DO-SdBNP
005 20240229073955.0
007 ta
008 190507s2016 dr a r 000 0 spa d
020 _a9789993427216
040 _aDO-SdBNP
_bspa
_cBNPHU
_erda
082 4 _a972.93053
_bV422a, 2016
_222
100 1 _aVega, Bernardo,
_d1938 -
_93222
245 1 3 _aEl ascenso de Trujillo al poder 1929-1930 /
_cBernardo Vega.
250 _a2a. edición
264 _aSanto Domingo :
_bFundación Cultural Dominicana,
_c2016.
300 _a1007 páginas :
_bilustraciones ;
_c27 cm.
336 _2rdacontent
_atexto
_btxt
337 _2rdamedia
_asin mediación
_bn
338 _2rdacarrier
_avolumen
_bnc
500 _aIncluye datos biográficos del autor en las solapas
500 _aIncluye índices
500 _aIncluye referencias bibliográficas y notas al pie de las páginas
590 _aInventariado, 2023/MFF
600 1 4 _a Trujillo Molina, Rafael Leónidas,
_d1891-1961.
_984562
651 4 _aRepública Dominicana
_xHistoria
_yEra de Trujillo, 1930-1961
651 4 _aRepública Dominicana
_xPolítica y gobierno
_y1844-1930
_vFuentes
_984563
910 _aValidado. Control de calidad MFF
942 _2ddc
_cLBS1
999 _c48448
_d48448